000
00196 a2200097 4500
001
3900
100
_a
Fraser, W
245
_a
Telecommunications
260
_a
_b
Macdonald
_c
090
_c
3130
_d
3130
942
_a
NUST-CAE
_c
M
_c
23670
999
_c
238973
_d
238973